| Tag |
First Indicator |
Second Indicator |
Subfields |
| LEADER |
00000cam a2200000 a 4500 |
| 001 |
in00001402586 |
| 005 |
20151020055436.0 |
| 008 |
970625s1998 pau b s001 0 eng |
| 010 |
|
|
|a 97017949
|
| 020 |
|
|
|a 027101735X (alk. paper)
|
| 020 |
|
|
|a 0271017368 (pbk. : alk. paper)
|
| 035 |
|
|
|a (OCoLC)37245940
|
| 035 |
|
|
|9 AHN4475AM
|
| 040 |
|
|
|a DLC
|c DLC
|d C#P
|d TXA
|d UtOrBLW
|
| 043 |
|
|
|a n-us-il
|
| 049 |
|
|
|a TXAM
|
| 050 |
0 |
0 |
|a F548.9.P7
|b E73 1998
|
| 082 |
0 |
0 |
|a 977.3/110049185
|2 21
|
| 100 |
1 |
|
|a Erdmans, Mary Patrice.
|
| 245 |
1 |
0 |
|a Opposite poles :
|b immigrants and ethnics in Polish Chicago, 1976-1990 /
|c Mary Patrice Erdmans.
|
| 264 |
|
1 |
|a University Park, Pa. :
|b Pennsylvania State University Press,
|c [1998]
|
| 264 |
|
4 |
|c ©1998
|
| 300 |
|
|
|a x, 267 pages ;
|c 24 cm.
|
| 336 |
|
|
|a text
|b txt
|2 rdacontent
|
| 337 |
|
|
|a unmediated
|b n
|2 rdamedia
|
| 338 |
|
|
|a volume
|b nc
|2 rdacarrier
|
| 504 |
|
|
|a Includes bibliographical references and index.
|
| 650 |
|
0 |
|a Polish Americans
|z Illinois
|z Chicago
|x History
|y 20th century.
|
| 650 |
|
0 |
|a Immigrants
|z Illinois
|z Chicago
|x History
|y 20th century.
|
| 651 |
|
0 |
|a Chicago (Ill.)
|x Ethnic relations.
|
| 999 |
|
|
|a MARS
|
| 999 |
f |
f |
|s 2c81240b-249f-3a5e-a618-8a43da6ef6ad
|i cb9c8b6e-8d3e-3fd7-9d9b-7ccb7de74355
|t 0
|
| 952 |
f |
f |
|p normal
|a Texas A&M University
|b College Station
|c Sterling C. Evans Library
|d Evans: Library Stacks
|t 0
|e F548.9.P7 E73 1998
|h Library of Congress classification
|i unmediated -- volume
|m A14822564378
|
| 998 |
f |
f |
|a F548.9.P7 E73 1998
|t 0
|l Evans: Library Stacks
|